000 00991naa a22002897a 4500
001 BR5600135
003 BR-BrBNA
005 20240918172836.0
007 ta
008 230509b bl.||||| |||| 00| 0 por d
040 _aBR-BrBNA
_bpor
_cBiblioteca Nacional de Agricultura
041 _a(Pt)
072 _aL73
_b5212
_b4110
_bG514
090 _aL73 BR5600135
100 1 _aPinotti, M.
111 1 _a1. Simposium Brasileiro de Brucelose
_cItaguai, RJ (Brazil)
_d10 Dec 1956
245 1 _aBrucelose e saude publica [Zoonose; Profilaxia; Brasil]
260 3 _aItaguai, RJ (Brasil):
_c1956.
500 _a1. simposium brasileiro de brucelose. Relatorio Itaguai, RJ (Brasil): 1956. p. 47-57 (BR5600135-AM)L73
650 _aBOVINO
650 _aBRUCELOSE
650 _aPROFILAXIA
650 _aZOONOSE
773 0 _t1. simposium brasileiro de brucelose. Relatorio
_wL73 BR5600135
_gItaguai, RJ (Brasil), 1956. p. 47-57
909 _a202404
_bLucia
_c55
_dLucia Elande
942 _cAM
_2AGRIS
999 _c301687
_d301687